| 000 | 00616nam a2200217 a 4500 | ||
|---|---|---|---|
| 005 | 20220628073932.0 | ||
| 008 | 040419s2003 mx r 000 0 spa d | ||
| 020 | _a8483102358 | ||
| 035 | _aUPN01000132932 | ||
| 049 | _aCG | ||
| 050 | 4 |
_aPQ9698.2 I5.74 _bC5.8 |
|
| 100 | 1 |
_aLins, Paulo, _d1958- |
|
| 245 | 1 | 0 |
_aCiudad de Dios / _cPaulo Lins ; tr. Mario Merlino. |
| 260 |
_aBarcelona, Esp. : _bTusquets, _c2003. |
||
| 300 | _a398 p. | ||
| 440 | 0 |
_aAndanzas ; _v508 |
|
| 534 |
_pTraducción de: _tCidade de Deus |
||
| 650 | 4 |
_aLITERATURA BRASILEÑA _95072 |
|
| 650 | 0 |
_aNovela brasileña _95077 |
|
| 905 | _aLibro | ||
| 999 |
_c105085 _d105085 |
||